Memoria del año 1929 / Mutua Comercial para la Reclamación de Créditos
Descripción Física:
30 p. : il. ; 21 cm
MARC
| LEADER | 00000nam a2200000Ia 4500 | ||
|---|---|---|---|
| 001 | 11702 | ||
| 008 | 160829s1929 xx 000 0 cat d | ||
| 080 | |a RF-8-19 | ||
| 100 | |a Mutua Comercial para la Reclamación de Créditos |9 38577 | ||
| 245 | |a Memoria del año 1929 / Mutua Comercial para la Reclamación de Créditos | ||
| 260 | |a Barcelona : |b (Imp. Armengol), |c 1929 | ||
| 300 | |a 30 p. : |b il. ; |c 21 cm | ||
| 650 | |a Mutua Comercial para la Reclamación de Créditos |x Memòries |9 38578 | ||
| 856 | 4 | |u https://media.diba.cat/diba/fitxers/arxiu/fulletons/bib_11702_1929_baixa.pdf |y Accés lliure | |
| 856 | 4 | |u https://media.diba.cat/diba/fitxers/arxiu/fulletons/bib_11702_1929_baixa.pdf |y Accés lliure | |
| 901 | |a Arxiu | ||
| 942 | |n 1 |2 udc | ||
| 952 | |0 0 |1 0 |4 0 |6 RF819 |7 1 |9 48478 |a Arxiu |b Arxiu |d 2016-12-01 |l 0 |o RF-8-19 |p 11702 |r 2016-12-01 00:00:00 |w 2016-12-01 |y ARXIU | ||
| 999 | |c 52307 |d 52307 | ||
| 900 | |a bib_11702_1929_baixa.pdf | ||